| 000 | 00442nam a2200157 i 4500 | ||
|---|---|---|---|
| 001 | bg | ||
| 245 | 0 |
_aSoil mechanics and foundation engineering : _bproceedings of the Sixth Regional Conference for Africa, Durban 1975. Vol.1. |
|
| 260 |
_aRotterdam, _c1975 _aBalkema. |
||
| 020 | _a0869610732 | ||
| 040 | _cBPK | ||
| 041 | _apol | ||
| 080 | _a624.1 | ||
| 920 | _a0-86961-073-2 | ||
| 942 | _cKS | ||
| 008 | s pl f |000 0 pol | ||
| 999 |
_c47191 _d47191 |
||
| 856 |
_uhttp://koha.tu.koszalin.pl/cgi-bin/koha/opac-detail.pl?biblionumber=47191 _yKatalog online BPK |
||